01302nam a2200325 a 4500001001200000003000800012006001900020007001500039008004100054010001700095020004300112020003800155020002700193040002100220035002100241043001200262050002400274082001900298100002800317245011800345260004200463300002500505504005100530533015200581610003400733610003700767655002900804710001700833856012600850ebr10695148CaPaEBRm u cr cn|||||||||120730s2013 nyua sb s001 0 eng d z 2012025926 z9781438446974 (hardcover : alk. paper) z9781438446967 (pbk. : alk. paper) z9781438446981 (e-book) aCaPaEBRcCaPaEBR a(OCoLC)846945563 an-us-ny14aLD3844b.S87 2013eb04a378.747/252231 aStrong, John A.,d1935-10aRunning on emptyh[electronic resource] :bthe rise and fall of Southampton College, 1963-2005 /cJohn A. Strong. aAlbany :bExcelsior Editions,cc2013. axvii, 325 p. :bill. aIncludes bibliographical references and index. aElectronic reproduction.bPalo Alto, Calif. :cebrary,d2013.nAvailable via World Wide Web.nAccess may be limited to ebrary affiliated libraries.20aSouthampton CollegexHistory.20aLong Island UniversityxHistory. 7aElectronic books.2local2 aebrary, Inc.40uhttp://site.ebrary.com/lib/rucke/Doc?id=10695148zAn electronic book accessible through the World Wide Web; click to view